Diversiones públicas y moralización en El Salvador (1948-1960) /
El presente muestra como el Estado salvadoreño, durante el período de 1948-1960, utilizó el teatro y el cine como medios de propaganda política y de transmisión de conceptos sanitarios, aunado a la compaña de moralización pública, que pretendía trastocar las pautas de relación y de entretenimiento t...
محفوظ في:
| المؤلف الرئيسي: | |
|---|---|
| التنسيق: | نص |
| الموضوعات: | |
| الوصول للمادة أونلاين: | chesterurbina@yahoo.com |
| الوسوم: |
إضافة وسم
لا توجد وسوم, كن أول من يضع وسما على هذه التسجيلة!
|
MARC
| LEADER | 00000 a a2200000 04500 | ||
|---|---|---|---|
| 001 | 41569 | ||
| 003 | |||
| 040 | |||
| 100 | |a Urbina Gaitán, Chester | ||
| 245 | |a Diversiones públicas y moralización en El Salvador (1948-1960) / |c Chester Urbina Gaitán | ||
| 520 | |a El presente muestra como el Estado salvadoreño, durante el período de 1948-1960, utilizó el teatro y el cine como medios de propaganda política y de transmisión de conceptos sanitarios, aunado a la compaña de moralización pública, que pretendía trastocar las pautas de relación y de entretenimiento tradicional de la población; ello como formas de control social propiciadas por la bonanza económica del país. | ||
| 590 | |a SJB/JUNIO2012 | ||
| 650 | |a 1.CONTROL SOCIAL | ||
| 650 | |a 2.CINE | ||
| 650 | |a 3.TEATRO | ||
| 650 | |a 4.ESTADO | ||
| 650 | |a 5.MORAL | ||
| 650 | |a 6.EQUILIBRIO ECONOMICO | ||
| 650 | |a 7.EL SALVADOR | ||
| 773 | |g volumen35-36 (2009-2010), páginas 107-116 | ||
| 856 | |u chesterurbina@yahoo.com | ||
| 999 | |c 26997 |d 26997 | ||
| 773 | 0 | |0 18765 |9 5234 |a Universidad de Costa Rica. |d San José, Costa Rica: Editorial Universidad de Costa Rica, 1974- |o 12541 |t Anuario de Estudios Centroamericanos / |x 03777316 | |
